Najlepsze polskie seriale wg Filmwebu - Statystyki

Ogólne statystyki
  • Ten quiz został rozwiązany 30 razy
  • Średni wynik to 3 z 15
Statystyki odpowiedzi
miejsce Serial % Poprawnych
6 Heweliusz
54%
5 Wataha
50%
1 Alternatywy 4
46%
11 1670
33%
8 Czas honoru
25%
7 Glina
21%
9 Kruk
21%
2 PitBull
21%
14 Odwróceni
17%
15 Kariera Nikodema Dyzmy
8%
10 Cyberpunk: Edgerunners
4%
13 Stulecie winnych
4%
12 Bogdan Boner: Egzorcysta
0%
3 Laserowy gniew dzidy
0%
4 Sensacje XX wieku
0%
Nie znaleziono quizów pasujących do podanych kryteriów
Rozkład punktacji
Procent ludzi z każdym wynikiem
Percentyl według liczby udzielonych odpowiedzi
Twoja historia wyników
Nie rozwiązałeś tego quizu